000 01121cam a2200241 4500
001 WB3933-14
008 030902n2003 000 0 eng u
035 _a(Sirsi) u123472
245 _aAutumn ploughing of uncultivated land
260 _c2003
490 _aDEFRA News Release
_v(355/03) 1 September 2001 (2)
520 _aFarmers and other land managers wanting to turn uncultivated or semi-natural land into intensive agricultural use must remember to seek consent from DEFRA before doing so. Under the Environmental Impact Assessment Regulations, uncultivated land use change projects must be assessed for environmental effects. http://www.gnn.gov.uk/gnn/national.nsf/Daily+News/E776879469233F9B80256D9400380D2E?opendocument
590 _aWB
650 _aUNCULTIVATED LAND
650 _aENVIRONMENTAL IMPACT ASSESSMENT (UNCULTIVATED LAND AND SEMI-NATURAL AREAS) (ENGLAND) REGULATIONS 2001
650 _aFARMERS
650 _aLAND MANAGERS
650 _aSEMI-NATURAL LAND
650 _aENVIRONMENTAL ASSESSMENT
650 _aLAND USE CHANGE
690 _aRURAL-AGRICULTURE AND FORESTRY
942 _n0
999 _c73333
_d73333